000
00280nam a22001097a 4500
082
_a
621.384131 COB'T
100
_a
OWENS, HARRY L:COBLENZ, ABRAHAM
_9
69935
245
_a
TRANSISTORS:THEORY AND APPLICATIONS
260
_a
NEWYORK
_b
MCGRAW HILL
_c
1955
300
_a
313P
942
_c
BK
999
_c
577013
_d
577013